Handbook for Bible teachers and preachers: (Record no. 3316)

000 -LEADER
fixed length control field 00638nam a2200181 a 4500
001 - CONTROL NUMBER
control field :::00001046$&:&@@
003 - CONTROL NUMBER IDENTIFIER
control field OkBaRHE
005 - DATE AND TIME OF LATEST TRANSACTION
control field 20000607103241.0
008 - FIXED-LENGTH DATA ELEMENTS--GENERAL INFORMATION
fixed length control field s1986 j 000 0 eng u
040 ## - CATALOGING SOURCE
Transcribing agency
100 1# - MAIN ENTRY--PERSONAL NAME
Personal name Morgan, G. Campbell, 1863-1945.
245 10 - TITLE STATEMENT
Title Handbook for Bible teachers and preachers:
Remainder of title applications to life from every book of the Bible.
260 ## - PUBLICATION, DISTRIBUTION, ETC. (IMPRINT)
Place of publication, distribution, etc Grand Rapids, MI., :
Name of publisher, distributor, etc Baker Book House
Date of publication, distribution, etc 1986
300 ## - PHYSICAL DESCRIPTION
Extent 301 p. ;
Dimensions 23 cm.
650 ## - SUBJECT ADDED ENTRY--TOPICAL TERM
Topical term or geographic name as entry element Bible
General subdivision Criticism, Interpretation, etc.
942 ## - ADDED ENTRY ELEMENTS (KOHA)
Source of classification or shelving scheme
Koha item type Books
Copies
Full call number Shelving location Copy number Permanent Location Source of classification or shelving scheme Price effective from Barcode Lost status Damaged status Koha item type Date acquired Not for loan Withdrawn status Date last seen
BS 511 .M53General Stacks1RHEMA Bible Training College 2010-04-141046  Books2010-04-14  2010-04-14